Appraisal guide (Record no. 502542)

000 -LEADER
fixed length control field 00359cam a22001337a 4500
008 - FIXED-LENGTH DATA ELEMENTS--GENERAL INFORMATION
fixed length control field 180718b1958 xxu||||| |||| 00| 0 eng d
082 ## - DEWEY DECIMAL CLASSIFICATION NUMBER
Classification number L2312 So13
100 ## - MAIN ENTRY--PERSONAL NAME
Personal name Society of residentiol appraisers
245 ## - TITLE STATEMENT
Title Appraisal guide
Statement of responsibility, etc. by society of residention appraisers
250 ## - EDITION STATEMENT
Edition statement 5
260 ## - PUBLICATION, DISTRIBUTION, ETC.
Place of publication, distribution, etc. Chicago
Name of publisher, distributor, etc.
Date of publication, distribution, etc. 1958
300 ## - PHYSICAL DESCRIPTION
Extent 56p.
650 ## - SUBJECT ADDED ENTRY--TOPICAL TERM
Topical term or geographic name entry element Assessed values
Holdings
Withdrawn status Lost status Damaged status Not for loan Permanent Location Current Location Date acquired Full call number Barcode Date last seen Price effective from Koha item type
        Indian Institute of Public Administration Indian Institute of Public Administration 2018-08-04 L2312 So13 GR6949 2018-08-04 2018-08-04 GR

Powered by Koha